000 00436nam a2200181Ia 4500
001 43859
008 140425s9999 xx 000 0 und d
020 _aNA
040 _cPK-LaUMT
082 _aRHC 891.4393
_bMUZ-I
100 _aMuzaffar Iqbal
245 _aInkhalaa (Urdu)
_cMuzaffar Iqbal
260 _aLahore,Pakistan:
_bAlDaer,
_c1988
300 _a200 p.
546 _aUR
650 _aPakistani literature-Urdu
942 _cBK
999 _c41859
_d41859